[Event "Mechanics' Alan Benson TNM; G/2"]
[Site "San Francisco"]
[Date "2016.08.09"]
[Round "2.24"]
[White "Chen, Mingson"]
[Black "Otterbach, Renate"]
[Result "1-0"]
[WhiteElo "1903"]
[BlackElo "991"]
[PlyCount "47"]
[EventDate "2016.??.??"]

1. d4 d5 2. c4 e6 3. Nc3 Nf6 4. Nf3 c5 5. e3 Nc6 6. a3 a5 7. dxc5 Bxc5 8. cxd5
exd5 9. Nb5 O-O 10. Be2 Re8 11. O-O b6 12. b3 Bf8 13. Bb2 Ba6 14. Bxf6 gxf6 15.
Nbd4 Nxd4 16. Nxd4 Bxe2 17. Qxe2 Qd7 18. Rfc1 f5 19. Qf3 Bh6 20. Nxf5 Bf8 21.
Rd1 Re5 22. Qg3+ Kh8 23. Qxe5+ Kg8 24. Rxd5 1-0

[Event "Mechanics' Alan Benson TNM; G/2"]
[Site "San Francisco"]
[Date "2016.09.13"]
[Round "7.18"]
[White "Chen, Mingson"]
[Black "Sherwood, Peter"]
[Result "1-0"]
[WhiteElo "1903"]
[BlackElo "1688"]
[PlyCount "53"]
[EventDate "2016.??.??"]

1. d4 Nf6 2. Nf3 d5 3. c4 e6 4. Nc3 Be7 5. Bf4 c6 6. e3 Nbd7 7. Qc2 O-O 8. h3
Re8 9. O-O-O a6 10. cxd5 Nxd5 11. Nxd5 cxd5 $4 12. Bc7 Nf6 13. Bxd8 Rxd8 14.
Bd3 Bd7 15. Kb1 Rdc8 16. Qe2 Rc7 17. Rc1 Rac8 18. Rxc7 Rxc7 19. Ne5 Be8 20. g4
Ne4 21. h4 f6 22. Nf3 Rc6 23. Rc1 Rb6 24. Rc8 Kf8 25. Bxe4 dxe4 26. Nd2 Ba3 27.
Nc4 1-0

[Event "Mechanics' Summer TNM; G/2"]
[Site "San Francisco"]
[Date "2016.07.12"]
[Round "8.35"]
[White "Cheng, Andrew Ys"]
[Black "Nassif, Wassim"]
[Result "0-1"]
[WhiteElo "1381"]
[BlackElo "1131"]
[PlyCount "148"]
[EventDate "2016.??.??"]

1. c4 e5 2. Nc3 Nf6 3. d3 Bb4 4. Bg5 O-O 5. e4 d6 6. Nf3 Nc6 7. g3 Bg4 8. Bg2
Qe7 9. O-O Qe6 10. Nd5 Ne8 11. a3 Bc5 12. Re1 h6 13. Be3 Bxe3 14. Rxe3 Nd4 15.
b4 Nxf3+ 16. Bxf3 Bxf3 17. Qxf3 c6 18. Nc3 b6 19. Qg2 a6 20. Rf1 Nf6 21. h3 Nd7
22. f4 Ra7 23. f5 Qf6 24. g4 Qg5 25. Qg3 Nf6 26. h4 Qxg4 27. Qxg4 Nxg4 28. Rg3
h5 29. Nd1 f6 30. Nf2 Nxf2 31. Rxf2 Rff7 32. Rg6 Kh7 33. Kf1 a5 34. Rb2 a4 35.
Ke2 Rab7 36. Ke3 b5 37. cxb5 cxb5 38. Rc2 Rfc7 39. Rgg2 Rxc2 40. Rxc2 g6 41.
fxg6+ Kxg6 42. Rc6 d5 43. exd5 Kf5 44. Kf3 Rd7 45. d6 Ke6 46. Ke4 f5+ 47. Ke3
Rxd6 48. Rc5 Rd5 49. Rc6+ Rd6 50. Rc5 Rd4 51. Rxb5 Rxh4 52. Rb6+ Kd7 53. Rh6
Rh3+ 54. Ke2 h4 55. b5 e4 56. dxe4 fxe4 57. b6 Kc8 58. Rh7 Kb8 59. Re7 Rxa3 60.
Rxe4 h3 61. Rh4 h2 62. Rh8+ Kb7 63. Rh7+ Kxb6 64. Rh6+ Kc5 65. Rh5+ Kd6 66.
Rh6+ Ke5 67. Rh5+ Kf6 68. Kf1 Ra2 69. Rh6+ Kg5 70. Rh3 Kg4 71. Rh6 h1=Q+ 72.
Rxh1 Ra1+ 73. Kg2 Rxh1 74. Kxh1 a3 0-1

[Event "Mechanics' Summer TNM; G/2"]
[Site "San Francisco"]
[Date "2016.06.28"]
[Round "6.39"]
[White "Cheng, Andrew Ys"]
[Black "Raphael, Pat"]
[Result "1-0"]
[WhiteElo "1381"]
[BlackElo "629"]
[PlyCount "69"]
[EventDate "2016.??.??"]

1. c4 e5 2. Nc3 c5 3. Nf3 d6 4. g3 Nf6 5. d3 Nbd7 6. Bg2 g6 7. O-O Bg7 8. Bg5
O-O 9. Qd2 Ng4 $4 10. Bxd8 Bh6 11. Bg5 Bg7 12. Nd5 f6 13. Be3 Rb8 14. h3 Nxe3
15. Qxe3 h5 16. Nh4 Kh7 17. f4 e4 18. dxe4 f5 19. Ne7 Bd4 20. Qxd4 cxd4 21.
Nhxg6 Rf7 22. exf5 Nc5 23. Nxc8 Rxc8 24. g4 d3 25. exd3 Nxd3 26. b3 Re8 27.
Bxb7 Rxb7 28. Rad1 Re3 29. Rd2 Rxh3 30. Kg2 hxg4 31. Rfd1 Nxf4+ 32. Nxf4 Rf3
33. Rf2 Re3 34. Rxd6 g3 35. Re2 {and White soon won.} 1-0

[Event "Mechanics' Spring TNM; G/2"]
[Site "San Francisco"]
[Date "2016.05.03"]
[Round "8.6"]
[White "Clemens, Kristain"]
[Black "Sarafian, Greg M"]
[Result "1/2-1/2"]
[WhiteElo "1918"]
[BlackElo "1946"]
[PlyCount "64"]
[EventDate "2016.??.??"]

1. d4 d5 2. c4 c6 3. Nf3 Nf6 4. Nc3 dxc4 5. a4 Bf5 6. e3 e6 7. Bxc4 Bb4 8. O-O
Nbd7 9. Qe2 Bg6 10. Bd2 O-O 11. Ne4 Be7 12. Ng3 Ne4 13. Rfd1 Nxd2 14. Qxd2 h6
15. e4 Nf6 16. Qe2 Re8 17. Ne5 Bh7 18. f4 Nd7 19. Nxd7 Qxd7 20. Qg4 Rad8 21.
Kh1 Bf8 22. Rac1 Qe7 23. f5 exf5 24. Nxf5 Qg5 25. Qf3 Bxf5 26. Qxf5 Qxf5 27.
exf5 Rd7 28. Rd3 Red8 29. Rcd1 Be7 30. b3 Bf6 31. d5 c5 32. g3 Kf8 1/2-1/2

[Event "Mechanics' Winter TNM; G/2"]
[Site "San Francisco"]
[Date "2016.01.12"]
[Round "2.25"]
[White "Clemens, Kristian"]
[Black "Agdamag, Samuel"]
[Result "1-0"]
[WhiteElo "1932"]
[BlackElo "1427"]
[PlyCount "83"]
[EventDate "2016.??.??"]

1. d4 Nf6 2. c4 g6 3. Nc3 Bg7 4. e4 d6 5. Be2 O-O 6. Nf3 e5 7. d5 Nbd7 8. Bg5
h6 9. Bh4 g5 10. Bg3 Nc5 11. Nd2 Ne8 12. b4 Nxe4 13. Ndxe4 f5 14. O-O f4 15.
Qc2 fxg3 16. hxg3 Bf5 17. Bd3 Bh7 18. Rac1 Rf7 {Diagram #} 19. Nxd6 $1 Nxd6 20.
Bxh7+ Kh8 21. c5 Ne8 22. Bg6 Rf8 23. Bf5 Nf6 24. Be6 a6 25. Rfd1 Qe7 26. Ne4
Nxe4 27. Qxe4 Qf6 28. f3 Rad8 29. Rd3 c6 30. Rcd1 Rb8 31. Bd7 cxd5 32. Rxd5 Qf7
33. Rd6 Qxa2 34. Be6 Qa4 35. Rd7 Rf6 36. Rd8+ Rf8 37. Rxf8+ Rxf8 38. Rd7 Rf6
39. Rd8+ Rf8 40. Rxf8+ Bxf8 41. Qxe5+ Kh7 42. Qf5+ 1-0

[Event "Mechanics' Spring TNM; G/2"]
[Site "San Francisco"]
[Date "2016.04.12"]
[Round "5.6"]
[White "Clemens, Kristian"]
[Black "Doyle, Bryon"]
[Result "0-1"]
[WhiteElo "1918"]
[BlackElo "2206"]
[PlyCount "38"]
[EventDate "2016.??.??"]

1. d4 Nf6 2. c4 e5 3. dxe5 Ng4 4. Nf3 Bc5 5. e3 Nc6 6. Nc3 O-O 7. Be2 Ngxe5 8.
O-O Nxf3+ 9. Bxf3 Ne5 10. Be2 Re8 11. Qc2 d6 12. b3 Re6 13. e4 Qh4 14. Nd5 Rg6
15. Bf4 Bh3 16. Bxe5 {Diagram [#]} Rxg2+ 17. Kh1 dxe5 18. Qd3 Rxh2+ 19. Kxh2
Bxf1+ 0-1

[Event "Mechanics' Winter TNM; G/2"]
[Site "San Francisco"]
[Date "2016.02.16"]
[Round "7.5"]
[White "Clemens, Kristian"]
[Black "Fuentes, Romulo C"]
[Result "0-1"]
[WhiteElo "1932"]
[BlackElo "2208"]
[PlyCount "120"]
[EventDate "2016.??.??"]

1. d4 Nf6 2. c4 e6 3. Nf3 c5 4. e3 b6 5. Nc3 Bb7 6. Be2 Be7 7. O-O d6 8. Qc2
Nbd7 9. b3 Rc8 10. Bb2 a6 11. Rfd1 Qc7 12. Rac1 O-O 13. Nd2 cxd4 14. exd4 Qb8
15. Qb1 h6 16. Bf3 Rc7 17. Nce4 d5 18. Nc3 dxc4 19. Bxb7 Qxb7 20. bxc4 Rfc8 21.
Qd3 Bd6 22. Ne2 Rd8 23. Ba3 Nf8 24. Bxd6 Rxd6 25. Qb3 Qc8 26. Nf1 Ng6 27. Ne3
Ne7 28. h3 Qd8 29. Qa3 Ra7 30. c5 bxc5 31. Rxc5 Ne4 32. Nc4 Nxc5 33. Nxd6 Qxd6
34. Qxc5 Rd7 35. Rc1 Nf5 36. Qc8+ Rd8 37. Qc4 g5 38. Rc2 Nxd4 39. Nxd4 Qxd4 40.
Qc6 a5 41. a4 Qd1+ 42. Kh2 Qd6+ 43. Qxd6 Rxd6 44. Rc4 Kg7 45. h4 Kg6 46. hxg5
hxg5 47. g4 Kf6 48. f4 Rd3 49. Kg2 Ra3 50. Kf2 gxf4 51. Rxf4+ Ke7 52. Rd4 Rb3
53. Ke2 f6 54. Kd2 e5 55. Rd5 Rb4 56. Rxa5 Rxg4 57. Ra8 Ke6 58. a5 Ra4 59. Ke3
Ra3+ 60. Ke2 f5 0-1

[Event "Mechanics' Fall TNM; G/2"]
[Site "San Francisco"]
[Date "2016.12.13"]
[Round "9.20"]
[White "Clemens, Kristian"]
[Black "Hack, Richard"]
[Result "1-0"]
[WhiteElo "1944"]
[BlackElo "1611"]
[PlyCount "119"]
[EventDate "2016.??.??"]

1. c4 f5 2. d4 Nf6 3. Nc3 g6 4. g3 Bg7 5. Bg2 d6 6. Bg5 c6 7. Qd2 Qc7 8. e4 h6
9. Bf4 e5 10. dxe5 dxe5 11. Be3 Be6 12. Qc2 Nbd7 13. Nge2 Ng4 14. Bd2 Qb6 15.
O-O O-O-O 16. h3 Ngf6 {Diagram [#]} 17. Nd5 $1 cxd5 18. cxd5+ Kb8 19. dxe6 Qxe6
20. exf5 gxf5 21. Bb4 Nb6 22. Qc5 Nfd5 23. Qb5 Nxb4 24. Qxb4 Bf8 25. Qc3 Bd6
26. Qf3 Qf7 27. Rac1 e4 28. Qb3 Qxb3 29. axb3 Be5 30. Rc5 Rhe8 31. Nc3 Rc8 32.
Rxc8+ Rxc8 33. g4 fxg4 34. hxg4 Rg8 35. Re1 Rxg4 36. Rxe4 Rxe4 37. Bxe4 Nd7 38.
Kg2 Nc5 39. Bc2 Bf4 40. b4 Ne6 41. Nd5 Bc1 42. b3 Nd4 43. Bd1 b6 44. Kg3 Kb7
45. Ne3 Kc6 46. Kf4 Kb5 47. Ke4 Kxb4 48. Kxd4 Bb2+ 49. Kd3 b5 50. Kc2 Be5 51.
Kd3 Bh8 52. f4 a5 53. f5 a4 54. bxa4 bxa4 55. Kc2 a3 56. Kb1 Kc3 57. Bh5 Kd3
58. Ng4 Ke4 59. Bg6 Kf4 60. Nxh6 1-0

[Event "Mechanics' Summer TNM; G/2"]
[Site "San Francisco"]
[Date "2016.06.14"]
[Round "4.10"]
[White "Clemens, Kristian"]
[Black "O'Connor, Derek"]
[Result "0-1"]
[WhiteElo "2002"]
[BlackElo "1851"]
[Annotator "Donaldson"]
[PlyCount "114"]
[EventDate "2016.??.??"]

1. d4 d5 2. c4 c6 3. Nf3 Nf6 4. Nc3 a6 5. Bg5 Ne4 6. Bf4 e6 7. e3 Nd7 8. Bd3 f5
9. O-O Be7 10. Qb3 Ndf6 11. c5 O-O 12. Na4 Ra7 13. Nb6 Bd7 14. Rad1 Be8 15. Ne5
g5 16. Bg3 Bh5 17. f3 Nxc5 18. dxc5 Bxc5 19. Na4 Bxe3+ 20. Bf2 Bxf2+ 21. Rxf2
Qd6 22. Qc3 (22. Qb6 $1 Raa8 23. Qd4 $18 {
Black's pawns are not worth the piece, as they are completely blockaded.})
22... b5 23. Nc5 d4 24. Bxf5 $2 (24. Qc1 Qxe5 25. Re1 Qd6 26. Rxe6 Qd5 27.
Qxg5+ Rg7 28. Qxf5 $18) 24... Qxe5 $19 25. Bxe6+ Qxe6 26. Nxe6 dxc3 27. Nxf8
Kxf8 28. bxc3 Rd7 29. Re1 Bf7 30. a3 Rd3 31. Rc1 Nd5 32. Rfc2 Ne3 33. Re2 Nc4
34. Ra2 a5 35. h3 a4 36. Kh2 Ke7 37. Kg3 Kd6 38. Raa1 Kc5 39. Kg4 Rd5 40. Re1
h5+ 41. Kg3 h4+ 42. Kh2 Re5 43. Rec1 Re2 44. Kh1 Bd5 45. Re1 Rxe1+ 46. Rxe1
Nxa3 47. Re5 Nc4 48. Rxg5 a3 49. Rg7 a2 50. Ra7 Nb6 51. Ra3 Na4 52. Kg1 Kb6 53.
Kf2 Nxc3 54. g3 hxg3+ 55. Kxg3 b4 56. Ra8 b3 57. h4 b2 0-1

[Event "Mechanics' Alan Benson TNM; G/2"]
[Site "San Francisco"]
[Date "2016.09.20"]
[Round "8.8"]
[White "Clemens, Kristian"]
[Black "O'Connor, Derek"]
[Result "0-1"]
[WhiteElo "1959"]
[BlackElo "2094"]
[Annotator "Donaldson"]
[PlyCount "106"]
[EventDate "2016.??.??"]

1. d4 d5 2. c4 c6 3. Nf3 Nf6 4. Nc3 a6 5. Bg5 Ne4 6. Bh4 Nxc3 7. bxc3 dxc4 8.
e3 b5 9. Ne5 Be6 10. Be2 f6 11. Nf3 Bf7 12. O-O Nd7 13. a4 Nb6 14. axb5 axb5
15. e4 e6 16. Ne5 Qc8 17. Nxf7 Kxf7 18. Qd2 (18. f4) 18... Be7 19. e5 Nd5 20.
exf6 Bxf6 21. Bh5+ g6 22. Bxf6 Nxf6 23. Bf3 Qc7 24. Rfe1 Rhe8 25. Qe3 Kg7 26.
g3 Rxa1 27. Rxa1 Nd5 28. Bxd5 cxd5 29. Ra6 Kf7 30. Qh6 Kg8 31. Qe3 e5 32. dxe5
Qxe5 33. Qc5 d4 $1 34. Qxd4 Qxd4 35. cxd4 Re4 36. d5 Rd4 37. d6 Kf7 38. Kf1 c3
39. Rc6 b4 40. Ke2 Ke6 41. Ke3 Rxd6 42. Rc4 Rb6 43. Kd3 b3 44. Re4+ Kf5 45. Re1
c2 46. Kd2 Rd6+ 47. Kc1 Rd1+ 48. Rxd1 cxd1=Q+ 49. Kxd1 Kg4 50. f4 h5 51. Kd2
Kh3 52. Kc3 Kxh2 53. Kxb3 Kxg3 0-1

[Event "Mechanics' Fall TNM; G/2"]
[Site "San Francisco"]
[Date "2016.10.18"]
[Round "1.23"]
[White "Clemens, Kristian"]
[Black "Olson, David R"]
[Result "1-0"]
[WhiteElo "1944"]
[BlackElo "1400"]
[Annotator "Donaldson"]
[PlyCount "51"]
[EventDate "2016.??.??"]

1. Nf3 d5 2. c4 d4 3. g3 c5 4. Bg2 Nf6 5. d3 g6 6. O-O Bg7 7. e3 Bg4 8. h3 Bd7
9. exd4 cxd4 10. Nxd4 Nc6 11. Nxc6 Bxc6 12. Nc3 O-O 13. Be3 Qc7 14. Qc2 Rad8
15. Rfd1 Rd7 16. Rd2 Rfd8 17. Rad1 Bxg2 18. Kxg2 Qc6+ 19. Kh2 Qf3 20. d4 e6 21.
d5 e5 22. Bxa7 b5 23. Bb6 Rb8 24. c5 b4 25. c6 Rd6 (25... bxc3 26. Rd3 Qf5 27.
cxd7 $16) 26. Bc7 1-0

[Event "Mechanics' Fall TNM; G/2"]
[Site "San Francisco"]
[Date "2016.11.08"]
[Round "4.5"]
[White "Clemens, Kristian"]
[Black "Pan, Hongkai"]
[Result "0-1"]
[WhiteElo "1944"]
[BlackElo "2099"]
[PlyCount "68"]
[EventDate "2016.??.??"]

1. d4 d5 2. c4 e6 3. Nc3 c6 4. cxd5 exd5 5. Nf3 Bf5 6. Bg5 Be7 7. Bxe7 Nxe7 8.
e3 O-O 9. Bd3 Nd7 10. O-O h6 11. Rb1 a5 12. b4 axb4 13. Rxb4 Ra3 14. Bxf5 Nxf5
15. Qc2 Nd6 16. Rfb1 b5 17. e4 dxe4 18. Nxe4 Nxe4 19. Qxe4 Qa8 20. d5 Nf6 21.
Qe5 Re8 22. Qg3 Ne4 23. Qh4 cxd5 24. Nd4 Nc3 25. Rf1 Re4 26. f4 Qa7 27. Qg4
Rxd4 28. Rxd4 Qxd4+ 29. Kh1 Qc4 30. Re1 Ne4 31. Qh4 Rxa2 32. Qd8+ Kh7 33. Qd7
Qc2 34. Qf5+ Kg8 0-1

[Event "Mechanics' Spring TNM; G/2"]
[Site "San Francisco"]
[Date "2016.03.22"]
[Round "2.27"]
[White "Clemens, Kristian"]
[Black "Robeal, Rafik"]
[Result "1-0"]
[WhiteElo "1918"]
[BlackElo "1718"]
[PlyCount "71"]
[EventDate "2016.??.??"]

1. d4 Nf6 2. c4 g6 3. Nc3 d5 4. e3 Bg7 5. Nf3 O-O 6. Qb3 c6 7. Bd3 Na6 8. O-O
Nc7 9. cxd5 Ncxd5 10. e4 Nxc3 11. bxc3 Qc7 12. Ba3 a5 13. Bc5 a4 14. Qb4 Re8
15. Bb6 Qf4 16. Rfe1 Nd7 17. Bc5 Nxc5 18. Qxc5 e5 19. d5 cxd5 20. Qxd5 Be6 21.
Qb5 Red8 22. Bc2 Rac8 23. Red1 g5 24. Qxa4 g4 25. Ne1 Qf6 26. Bb3 Bf8 27. Bxe6
fxe6 28. Qb3 Bc5 29. Nd3 Rxd3 30. Rxd3 Bxf2+ 31. Kh1 Bc5 32. Qd1 Qf4 33. Rd8+
Rxd8 34. Qxd8+ Kf7 35. Qd3 Ke7 36. Rd1 1-0

[Event "Mechanics' Alan Benson TNM; G/2"]
[Site "San Francisco"]
[Date "2016.09.27"]
[Round "9.16"]
[White "Clemens, Kristian"]
[Black "Royzen, Igor"]
[Result "1-0"]
[WhiteElo "1959"]
[BlackElo "1867"]
[Annotator "Donaldson"]
[PlyCount "75"]
[EventDate "2016.??.??"]

1. d4 Nf6 2. c4 c5 3. e3 g6 4. Nf3 Bg7 5. Nc3 O-O 6. Be2 d6 7. O-O Nc6 8. b3
Bf5 9. Bb2 Ne4 10. Nxe4 Bxe4 11. Qd2 e5 12. dxc5 dxc5 13. Rfd1 Qb6 14. Bc3 Rad8
15. Qb2 f6 16. Nd2 Bf5 17. Bf3 Nd4 18. Bd5+ Be6 19. Bxe6+ Nxe6 20. Ne4 Qc6 21.
Qc2 f5 22. Nd2 e4 23. Rac1 Rd3 24. Nb1 Rfd8 25. Bxg7 Kxg7 26. Nc3 Nc7 27. Rxd3
Rxd3 28. Rd1 Rd6 29. Rxd6 Qxd6 30. g3 Kf6 31. Qb2 Qe5 32. Qd2 Ke7 33. Qb2 Ke6
34. h4 b5 35. Qd2 b4 36. Ne2 Qd6 37. Nf4+ Kf6 $4 (37... Ke7 $11) 38. Qxd6+ 1-0

[Event "Mechanics' Summer TNM; G/2"]
[Site "San Francisco"]
[Date "2016.06.28"]
[Round "6.20"]
[White "Clemens, Kristian"]
[Black "Sherwood, Peter"]
[Result "1-0"]
[WhiteElo "2002"]
[BlackElo "1672"]
[Annotator "Sherwood"]
[PlyCount "117"]
[EventDate "2016.??.??"]

1. d4 d5 2. c4 dxc4 3. Nc3 a6 4. a4 Nf6 5. e3 e6 6. Bxc4 b6 7. Nge2 Bb7 8. O-O
Bd6 9. f3 Nd5 10. e4 Nxc3 11. Nxc3 Nd7 12. Be3 O-O 13. Qd2 Be7 14. Rad1 Nf6 15.
Rfe1 c6 16. d5 cxd5 17. exd5 exd5 18. Nxd5 Nxd5 19. Bxd5 Qc7 $2 (19... Bxd5 20.
Qxd5 Qxd5 21. Rxd5 Rab8 22. Red1 Rfd8 23. Rxd8+ Bxd8 $11) 20. Rc1 Bc5 21. Bxc5
bxc5 22. Bxb7 Qxb7 23. Rxc5 Qb6 24. Qf2 Rab8 25. Rc2 Qb3 26. Ra1 Rb4 27. a5 Rb5
28. h3 (28. Ra3 Qxa3 29. bxa3 Rb1+ 30. Qf1 Rxf1+ 31. Kxf1) 28... Rd8 29. Rd2
Re8 30. Qd4 h6 31. Ra3 Qb4 32. Qc3 Qf4 33. Rd4 Qg3 34. Ra1 Rbe5 (34... Re2 $2
35. Rd8+ Kh7 36. Qd3+) 35. Re4 Rxe4 {draw offer} 36. fxe4 Qxc3 $6 37. bxc3 Rxe4
38. Kf2 f5 $6 39. Re1 Ra4 40. Re5 g6 41. Kf3 (41. Re6 Kf7 42. Rxa6 Rc4 43. Ra8
Rxc3 44. a6 Ra3) 41... Kf7 42. Rc5 Re4 $2 43. g4 Kf6 (43... fxg4+ $4 44. Kxe4
gxh3 45. Rd5 h2 46. Rd1) 44. gxf5 gxf5 45. Rc6+ Re6 46. Rxe6+ Kxe6 47. Kf4 $18
h5 48. h4 Kf6 49. c4 Ke6 50. c5 Kd5 51. Kxf5 Kxc5 52. Kg5 Kb5 53. Kxh5 Kxa5 54.
Kg4 Kb4 55. h5 a5 56. h6 a4 57. h7 a3 58. h8=Q Kb3 59. Qa1 1-0

[Event "Mechanics' Winter TNM; G/2"]
[Site "San Francisco"]
[Date "2016.02.02"]
[Round "5.18"]
[White "Clemens, Kristian"]
[Black "Walters, Kevin"]
[Result "1-0"]
[WhiteElo "1932"]
[BlackElo "1678"]
[PlyCount "63"]
[EventDate "2016.??.??"]

1. d4 Nf6 2. c4 g6 3. Nc3 Bg7 4. e4 d6 5. Be2 O-O 6. Nf3 Nbd7 7. O-O e5 8. d5
a5 9. Bg5 h6 10. Bh4 g5 11. Bg3 Nc5 12. Nd2 Bd7 13. Qc2 Kh7 14. b3 Ng8 15. a3
b6 16. b4 Na6 17. Qb3 f5 18. exf5 Bxf5 19. Nde4 Nf6 20. Bd3 Qd7 21. Nxf6+ Rxf6
22. Ne4 Rf7 23. Rac1 Kh8 24. f3 a4 25. Qc2 Raf8 26. c5 Bxe4 27. fxe4 Rxf1+ 28.
Rxf1 Ra8 29. cxb6 cxb6 30. Bxa6 Rxa6 31. Rc1 Qb5 32. Qc8+ 1-0

[Event "Mechanics' Alan Benson TNM; G/2"]
[Site "San Francisco"]
[Date "2016.09.06"]
[Round "6.18"]
[White "Clemens, Kristian"]
[Black "Weingarten, Daniel"]
[Result "1-0"]
[WhiteElo "1959"]
[BlackElo "1593"]
[PlyCount "99"]
[EventDate "2016.??.??"]

1. d4 d5 2. c4 dxc4 3. Nc3 Nf6 4. e3 Bf5 5. Bxc4 e6 6. Nf3 h6 7. Ne5 Nbd7 8.
Qf3 c6 {Diagram [#]} 9. Nxf7 Kxf7 10. Qxf5 Qe7 11. O-O Nb6 12. Bb3 Nbd5 13. Qf3
Ke8 14. e4 Nc7 15. e5 Nfd5 16. Ne4 Nb5 17. Be3 Qd7 18. a4 Nbc7 19. Rac1 Rd8 20.
Qh3 Qf7 21. f4 Qf5 22. Qf3 Be7 23. Bc2 Qf7 24. Ng3 g6 25. Kh1 Kd7 26. Bg1 Rdf8
27. Qb3 Kc8 28. Be4 Rd8 29. a5 Rhg8 30. Qa4 Qe8 31. Qc4 Qd7 32. Rf3 Kb8 33. Ne2
Rdf8 34. Qc2 Qe8 35. g3 Bb4 36. Qa4 Qd8 37. Rb3 Na6 38. Nc3 Qxa5 39. Ra1 Qxa4
40. Rxa4 Kc7 41. Nxd5+ exd5 42. Bd3 Be7 43. Bxa6 bxa6 44. Rxa6 Ra8 45. Rc3 c5
46. dxc5 Rgb8 47. Rxg6 Rxb2 48. Rg7 Kd7 49. c6+ Ke8 50. c7 1-0

[Event "Mechanics' Alan Benson TNM; G/2"]
[Site "San Francisco"]
[Date "2016.08.23"]
[Round "4.21"]
[White "Clemens, Kristian"]
[Black "Wonsever, James"]
[Result "1/2-1/2"]
[WhiteElo "1959"]
[BlackElo "1636"]
[PlyCount "97"]
[EventDate "2016.??.??"]

1. d4 d5 2. c4 c6 3. Nf3 Nf6 4. Nc3 dxc4 5. a4 Bf5 6. e3 e6 7. Bxc4 Nbd7 8. O-O
Be7 9. Qe2 Nb6 10. Bb3 Ne4 11. Ne5 O-O 12. a5 Nd5 13. Nxe4 Bxe4 14. a6 Qc7 15.
axb7 Qxb7 16. Ba4 Rfc8 17. f3 Bg6 18. e4 Nb6 19. Be3 Nxa4 20. Rxa4 c5 21. Rfa1
cxd4 22. Bxd4 Bc5 23. Rd1 f6 24. Nxg6 hxg6 25. Bxc5 Rxc5 26. Qf2 Qb3 27. Rad4
Rac8 28. g4 g5 29. R1d2 Rc1+ 30. Kg2 R1c2 31. Kg3 Qxb2 32. Kg2 Kh7 33. h4 Rxd2
34. Rxd2 Qe5 35. Qxa7 gxh4 36. Qf2 g5 37. Kh3 Rc1 38. f4 Qxf4 39. Qxf4 Rc3+ 40.
Kh2 gxf4 41. Rd6 Kg6 42. Rxe6 Kg5 43. e5 fxe5 44. Rxe5+ Kxg4 45. Re8 f3 46.
Rg8+ Kf4 47. Rf8+ Ke3 48. Re8+ Kf2 49. Ra8 1/2-1/2

[Event "Mechanics' Alan Benson TNM; G/2"]
[Site "San Francisco"]
[Date "2016.08.09"]
[Round "2.21"]
[White "Clemens, Kristian"]
[Black "Yanofsky, Kevin"]
[Result "1-0"]
[WhiteElo "1959"]
[BlackElo "1445"]
[PlyCount "61"]
[EventDate "2016.??.??"]

1. d4 Nf6 2. c4 e6 3. Nf3 Bb4+ 4. Bd2 Qe7 5. a3 Bxd2+ 6. Qxd2 d6 7. Nc3 e5 8.
dxe5 dxe5 9. e3 O-O 10. Rd1 Bg4 11. Be2 Nc6 12. Nd5 Nxd5 13. cxd5 e4 14. dxc6
exf3 15. gxf3 Rad8 16. Qc3 Bh3 17. Rg1 g6 18. cxb7 Rxd1+ 19. Bxd1 Qd6 20. f4
Rd8 21. Qd4 Qxd4 22. exd4 Rb8 23. Bf3 Bd7 24. b4 Kf8 25. Kd2 Ke7 26. Rc1 Kd6
27. Rc5 a6 28. Rd5+ Ke7 29. Ra5 Bb5 30. a4 Bf1 31. b5 1-0

[Event "Mechanics' Summer TNM; G/2"]
[Site "San Francisco"]
[Date "2016.06.07"]
[Round "3.34"]
[White "Cohee, James"]
[Black "Agdamag, Sam"]
[Result "0-1"]
[WhiteElo "1721"]
[BlackElo "1480"]
[PlyCount "100"]
[EventDate "2016.??.??"]

1. e4 c5 2. d3 d6 3. Nf3 Nc6 4. g3 Nf6 5. Bg2 Bg4 6. c3 e6 7. O-O Be7 8. h3
Bxf3 9. Bxf3 Qb6 10. Bg2 Rc8 11. Nd2 Ne5 12. Nc4 Nxc4 13. dxc4 O-O 14. Re1 Nd7
15. Qb3 Qxb3 16. axb3 a6 17. Bf4 e5 18. Be3 Ra8 19. Red1 b5 20. Bxc5 $4 Nxc5
21. b4 Nb3 22. Ra3 bxc4 23. Bf1 Rfc8 24. h4 h5 25. Be2 g6 26. Kg2 Kf8 27. Bf1
Ke8 28. Rd5 Kd7 29. Be2 Ke6 30. Kh3 Kf6 31. Bd1 a5 32. bxa5 Rc5 33. Bxb3 cxb3
34. a6 Rc6 35. Rxb3 Raxa6 36. Rdb5 Ke6 37. Rb7 Bd8 38. Rb8 Rcb6 39. R3xb6 Bxb6
40. Kg2 Bc5 41. Kf3 Rb6 42. Rxb6 Bxb6 43. c4 Bc5 44. Ke2 Bd4 45. b3 Bc5 46. f3
Bb4 47. g4 f6 48. Kf2 Kd7 49. gxh5 gxh5 50. f4 Kc6 0-1

[Event "Mechanics' Spring TNM; G/2"]
[Site "San Francisco"]
[Date "2016.05.03"]
[Round "8.31"]
[White "Cohee, James"]
[Black "Giridharan, Durgas"]
[Result "1-0"]
[WhiteElo "1673"]
[BlackElo "1199"]
[Annotator "Donaldson"]
[PlyCount "51"]
[EventDate "2016.??.??"]

1. e4 c5 2. Nf3 Nc6 3. d3 e6 4. g3 Nf6 5. Bg2 d5 6. Nbd2 Be7 7. O-O O-O 8. e5
Ng4 (8... Nd7 9. Re1 b5 {is the main line.}) 9. Re1 Qc7 10. Qe2 f6 11. exf6
Nxf6 12. c3 Bd6 13. Nf1 Bd7 14. d4 cxd4 15. cxd4 Rae8 16. Be3 e5 17. dxe5 Nxe5
18. Nxe5 Bxe5 19. Qd2 Bc6 20. Rac1 a6 21. Bd4 Ne4 22. Bxe4 Bxd4 (22... dxe4)
23. Bxd5+ Kh8 24. Qxd4 Rd8 25. Ne3 Qd7 26. Rcd1 1-0

[Event "Mechanics' Spring TNM; G/2"]
[Site "San Francisco"]
[Date "2016.03.29"]
[Round "3.31"]
[White "Cohee, James"]
[Black "Tan, Jacky T"]
[Result "1-0"]
[WhiteElo "1673"]
[BlackElo "1328"]
[PlyCount "38"]
[EventDate "2016.??.??"]

1. e4 c5 2. Nc3 d6 3. g3 Nc6 4. Bg2 Nf6 5. Nge2 Rb8 6. O-O e6 7. d3 Be7 8. b3
b5 9. a3 Qc7 10. Bb2 O-O 11. Nf4 c4 12. b4 a5 13. dxc4 axb4 14. Nxb5 Rxb5 15.
cxb5 bxa3 16. Bxf6 Bxf6 17. bxc6 Bxa1 18. Qxa1 Qxc6 19. Qxa3 Bb7 1-0

[Event "Mechanics' Spring TNM; G/2"]
[Site "San Francisco"]
[Date "2016.04.12"]
[Round "5.30"]
[White "Cohee, James"]
[Black "Touset, Stephen Ka"]
[Result "1/2-1/2"]
[WhiteElo "1673"]
[BlackElo "1152"]
[PlyCount "72"]
[EventDate "2016.??.??"]

1. Nf3 Nf6 2. g3 b6 3. Bg2 Bb7 4. O-O Nc6 5. c4 d5 6. Qa4 e6 7. d4 h5 8. Nc3 h4
9. Ne5 Qd6 10. Nb5 Qe7 11. Bg5 a6 12. Nc3 Qb4 13. Qxb4 Nxb4 14. Bxh4 Rxh4 15.
gxh4 Nc6 16. Nxc6 Bxc6 17. cxd5 exd5 18. Rac1 O-O-O 19. e3 Bd6 20. f4 Rh8 21.
Ne2 Bb5 22. Ng3 Bxf1 23. Bxf1 Kb7 24. Re1 c5 25. Nf5 Bf8 26. Bg2 Kc6 27. Rc1 g6
28. Ng3 Rxh4 29. h3 b5 30. b4 c4 31. a3 Kb6 32. Ne2 a5 33. Rb1 axb4 34. axb4
Bh6 35. Nc3 Kc6 36. Kf2 Bf8 1/2-1/2

[Event "Mechanics' Summer TNM; G/2"]
[Site "San Francisco"]
[Date "2016.06.28"]
[Round "6.33"]
[White "Cowgill, Jackie"]
[Black "Cunningham, Charles"]
[Result "0-1"]
[WhiteElo "964"]
[BlackElo "1416"]
[PlyCount "44"]
[EventDate "2016.??.??"]

1. e4 e5 2. Nf3 Nc6 3. Bb5 Nge7 4. O-O a6 5. Bc4 d6 6. Nc3 h6 7. a3 Bg4 8. Ne2
Bxf3 9. gxf3 Ng6 10. d3 Qh4 11. f4 exf4 12. Nxf4 Nxf4 13. Qf3 g5 14. Bxf4 gxf4
15. Kh1 O-O-O 16. Bxf7 Kb8 17. Bd5 Nd4 18. Qd1 f3 19. c3 Ne2 20. Qb3 b6 21. Qc4
Qh3 22. Qc6 Qg2# 0-1

[Event "Mechanics' Fall TNM; G/2"]
[Site "San Francisco"]
[Date "2016.10.25"]
[Round "2.42"]
[White "Cowgill, Jackie"]
[Black "Cunningham, Charles"]
[Result "0-1"]
[WhiteElo "936"]
[BlackElo "1524"]
[PlyCount "34"]
[EventDate "2016.??.??"]

1. e4 e5 2. Nf3 Nc6 3. Bb5 Qf6 4. c3 b6 5. O-O Bb7 6. Bxc6 Qxc6 7. d4 exd4 8.
Nxd4 Qg6 9. Nd2 O-O-O 10. N4f3 Bxe4 11. Re1 Nf6 12. b4 Kb8 13. Bb2 Bd6 14. c4
Bc2 15. Qc1 Bxb4 16. Nh4 Qd3 17. Nhf3 Bxd2 0-1